| 000 | 00676nam a22002052 4500 | ||
|---|---|---|---|
| 001 | 0000004856 | ||
| 005 | 20151217151942.0 | ||
| 008 | 070530s xx 000 0 eng d | ||
| 040 |
_aKABU _cKABU |
||
| 050 | 0 |
_aRJ399 _b.M26S65 |
|
| 100 | 1 |
_aSmith, Lisa C. _@0000155732 |
|
| 245 | 1 | 0 |
_aOvercoming child malnutrition in developing countries : _bpast achievements and future choices / _cLisa C. Smith, Lawrence Haddad. |
| 260 |
_aWashington, DC : _bIFPRT, _c2000. |
||
| 300 | _a53 p. | ||
| 650 | 0 |
_aMalnutrition in children. _@0000155733 |
|
| 700 | 1 |
_aHaddad, Lawrence. _@0000155734 |
|
| 908 | _a070530 | ||
| 950 | _@1 | ||
| 999 |
_c6685 _d6685 |
||